Kavi Kalidasa/ (Record no. 171690)

MARC details
000 -LEADER
fixed length control field 00543nam a22001817a 4500
005 - DATE AND TIME OF LATEST TRANSACTION
control field 20200117143457.0
010 ## - LCCN (DPL NO)
LC control number ENG-127445
020 ## - INTERNATIONAL STANDARD BOOK NUMBER
International Standard Book Number 9788121513081
Terms of availability 600.00
035 ## - SYSTEM CONTROL NUMBER
System control number EN-110977
037 ## - SOURCE OF ACQUISITION
Source of stock number/acquisition DBAD/PUB
082 ## - DEWEY DECIMAL CLASSIFICATION NUMBER
Classification number 881.092
100 ## - MAIN ENTRY--PERSONAL NAME
Personal name Rangacharya, Adya
245 ## - TITLE STATEMENT
Title Kavi Kalidasa/
Statement of responsibility, etc by Adya Rangacharya;Translated by Usha Desai
260 ## - PUBLICATION, DISTRIBUTION, ETC. (IMPRINT)
Place of publication, distribution, etc New Delhi
Name of publisher, distributor, etc Munshiram Manoharlal
Date of publication, distribution, etc 2019
270 ## - ADDRESS
Address 5715,54 Rani Jhansi Road
Postal code 110055
City New Delhi
300 ## - PHYSICAL DESCRIPTION
Extent 195p.
Dimensions 22cm(hb)
942 ## - ADDED ENTRY ELEMENTS (KOHA)
Source of classification or shelving scheme Dewey Decimal Classification
Item type English Books
Classification part 881.092
Call number suffix RAN
Holdings
Withdrawn status Lost status Not for loan Collection code Home library Current library Date acquired Source of acquisition Cost, normal purchase price Full call number Barcode Copy number Cost, replacement price Koha item type
      Non-fiction Sarojini Nagar Sarojini Nagar 17/01/2020 DBAD/PUB 600.00 881.092 RAN EN-110977 1 600.00 English Books

© Delhi Public Library
Hit Counter
free hit counter